000 01008nam a2200289 a 4500
001 000023941
003 DO-SdBNP
005 20260317133558.0
008 110117s2001 mx r 000 0 spa d
020 _a9688594253
040 _aDO-SdBNP
_bspa
_cBNPHU
049 _aBNGR
082 4 _a170
_bP896e 2001
_222
100 1 _aPrado Galán, Javier
_949255
245 1 0 _aÉtica sin disfraces :
_buna aproximación a la antropología, la cultura y la ética de nuestro tiempo /
_cJavier Prado Galán ; edición Andrés Navarro Zamora ; prólogo Gilberto Prado Galán.
250 _a2a ed.
260 _aMéxico, D. C. :
_bUniversidad Iberoamericana,
_c2001.
300 _a176, [1] p. ;
_c21 cm.
504 _aIncluye referencias bibliográficas
650 0 _aÉtica
_9509
650 0 _aCultura
_989224
650 0 _aValores (Filosofía)
_9604
650 0 _aAntropología
_985431
700 1 _aNavarro Zamora, Andrés
_eed.
_949256
700 1 _aPrado Galán, Gilberto
_epról.
_949257
942 _2ddc
_cLBS1
999 _c23437
_d23437